| 000 | 03016cgm a2200661Ia 4500 | ||
|---|---|---|---|
| 001 | ocn817247592 | ||
| 003 | OCoLC | ||
| 005 | 20241220133636.0 | ||
| 008 | 121112p20132012xxu107 vleng d | ||
| 007 | vd cvaizq | ||
| 040 |
_aTEFMT _cTEFMT _dTEF _dKYB _dIUK _dMR0 _dGK8 _dUINTA |
||
| 020 | _a9781616661601 | ||
| 020 | _a1616661607 | ||
| 024 | 1 | 0 | _a687797136992 |
| 028 | 4 | 2 |
_aME-13699 _bMillennium |
| 035 | _a(OCoLC)817247592 | ||
| 041 | 1 |
_aeng _aspa _heng |
|
| 043 | _an-us-fl | ||
| 050 | 1 | 4 |
_aPN1997.2 _b.P374 2012 |
| 082 | 0 | 4 |
_a791.4372 _223 |
| 049 | _aUCLB | ||
| 092 | _a791.437 | ||
| 245 | 0 | 4 |
_aThe paperboy _h[videorecording] / _cMillennium Films presents ; a Nu Image and a Lee Daniels Entertainment production ; produced by Hilary Shor, Lee Daniels ; screenplay by Pete Dexter and Lee Daniels ; directed by Lee Daniels. |
| 257 |
_aUnited States. _2naf |
||
| 260 |
_a[United States] : _bMillennium, _c[2013] |
||
| 300 |
_a1 videodisc (107 min.) : _bsd., col. ; _c4 3/4 in. |
||
| 538 | _aDVD ; widescreen (16:9) presentation ; Dolby digital 5.1 surround. | ||
| 546 | _aIn English, with optional subtitles in English or Spanish. | ||
| 511 | 1 | _aNicole Kidman, Matthew McConaughey, John Cusack, Zac Efron, David Oyelowo, Macy Gray. | |
| 508 | _aMusic, Mario Grigorov ; director of photography, Roberto Schaefer ; editor, Joe Klotz. | ||
| 521 | 8 | _aMPAA rating: R; for strong sexual content, violence and language. | |
| 520 | _aIt takes audiences deep into the backwaters of steamy 1960s South Florida, as investigative reporter Ward Jansen and his partner Yardley Acheman chase a sensational, career-making story. With the help of Ward's younger brother Jack and sultry death-row groupie Charlotte Bless, the pair tries to prove violent swamp-dweller Hillary Van Wetter was framed for the murder of a corrupt local sheriff. | ||
| 500 | _aSpecial features: Featurette ; director interview ; cast and crew interviews ; behind the scenes. | ||
| 650 | 0 |
_aReporters and reporting _vDrama. _95736932 |
|
| 650 | 0 |
_aMurder _vDrama. _95696159 |
|
| 651 | 0 |
_aFlorida _vDrama. _95727319 |
|
| 650 | 0 |
_aDeath row inmates _vDrama. _95754962 |
|
| 650 | 7 |
_aReporteros y reportajes _vTeatro. _2bidex _96505851 |
|
| 650 | 7 |
_aAsesinato _vTeatro. _2bidex _95766750 |
|
| 651 | 7 |
_aFlorida _vTeatro. _2bidex _96510619 |
|
| 655 | 7 |
_aFeature films. _2lcgft _96246029 |
|
| 655 | 7 |
_aFiction films. _2lcgft _96246030 |
|
| 655 | 7 |
_aVideo recordings for the hearing impaired. _2lcgft _96246031 |
|
| 655 | 7 |
_aFeature films. _2gsafd _96246029 |
|
| 700 | 1 |
_aDaniels, Lee, _d1959- _95885530 |
|
| 700 | 1 |
_aDexter, Peter. _96246032 |
|
| 700 | 1 |
_aKidman, Nicole, _d1967- _963505 |
|
| 700 | 1 |
_aMcConaughey, Matthew, _d1969- _963419 |
|
| 700 | 1 |
_aCusack, John, _d1966- _943552 |
|
| 700 | 1 |
_aEfron, Zac. _972963 |
|
| 700 | 1 |
_aOyelowo, David. _957654 |
|
| 700 | 1 |
_aGray, Macy. _966351 |
|
| 710 | 2 |
_aMillennium Films. _967490 |
|
| 710 | 2 |
_aNu Image (Firm) _958817 |
|
| 942 |
_cDVD _0119 |
||
| 994 |
_aC0 _bUINTA |
||
| 998 | _aa157220 | ||
| 999 |
_c89150 _d89150 |
||